| 000 | 00680cam a22002293a 4500 | ||
|---|---|---|---|
| 001 | 5188 | ||
| 003 | PGUSA | ||
| 005 | 20140828083114.0 | ||
| 008 | 040201s2004||||xxu|||||s|||||000 | eng d | ||
| 040 |
_aPGUSA _beng |
||
| 042 | _adc | ||
| 050 | 4 | _aM | |
| 100 | 1 |
_aHaydn, Joseph, _d1732-1809 |
|
| 245 | 1 | 0 |
_aString Quartet No. 57 in C Major, Op. 74, No. 1, FHE No. 28, Hoboken No. 72 _h[electronic resource] / _cJoseph Haydn |
| 260 |
_bProject Gutenberg, _c2004 |
||
| 506 | _aPublic domain in the USA. | ||
| 516 | _aElectronic text | ||
| 653 | _aString quartets -- Scores | ||
| 830 | 0 |
_aProject Gutenberg _v5188 |
|
| 856 | 4 | 0 | _uhttp://www.gutenberg.org/ebooks/5188 |
| 942 | _cEB | ||
| 999 |
_c234517 _d234517 |
||